Israel Adesanya's UFC career - Statistics

General Stats
  • This quiz has been taken 93 times
  • The average score is 12 of 17
Answer Stats
Hint Answer % Correct
16. September 9, 2023 loss by unanimous decision Sean Strickland
99%
17. August 18, 2024 loss by submission (neck crank) at minute 3:38 of the fourth round. Dricus du Plessis
96%
14. November 12, 2022 loss by TKO at minute 2:01 of the fifth round. Alex Pereira
95%
15. April 8, 2023 win by KO at minute 4:21 of the second round. Alex Pereira
92%
12. February 12, 2022 win by unanimous decision. Robert Whittaker
90%
7. October 5, 2019 win by KO at minute 3:55 of the second round. Robert Whittaker
90%
9. September 26, 2020 win by TKO at minute 3:59 of the second round. Paulo Costa
81%
11. June 12, 2021 win by unanimous decision. Marvin Vettori
77%
2. April 14, 2018 win by split decision Marvin Vettori
77%
8. 7 de marzo de 2020 win by unanimous decision. Yoel Romero
75%
5. February 9, 2019 win by unanimous decision. Anderson SIlva
74%
10. March 6, 2021 loss by unanimous decision. Jan Błachowicz
73%
13. July 2, 2022 win by unanimous decision. Jared Cannonier
67%
6. April 13, 2019 win by unanimous decision. Kelvin Gastalum
56%
4. November 3, 2018 win by TKO at minute 4:51 of the first round. Derek Brunson
42%
3. July 6, 2018 win by unanimous decision, Brad Tavares
21%
1 February 11, 2018 win by TKO at minute 3:37 of the second round. Rob Wikinson
1%
No matching quizzes found
Score Distribution
Percent of People with Each Score
Percentile by Number Answered
Your Score History
You have not taken this quiz